000 00401pab a2200169 454500
008 180718b2006 xxu||||| |||| 00| 0 eng d
100 _aSivamurugan, C.
245 _aFDI inflows in telecom sector
260 _c2006
300 _ap.36-40.
362 _aFall
650 _aForeign investment
650 _aTelecommunications
700 _aAnbumani, V.
773 _aKurukshetra
909 _a68855
999 _c68855
_d68855